000 00982nam0a2200289 4500
001 RU\NLR\b_ik\153888
005 20250616230056.0
010 _a86-82379-08-2
035 _a(NLR Aleph) 002226897
090 _a3374780
_c3374780
100 _a20061116d2002 |||y0rusy50 ca
101 0 _ascc
102 _aRU
105 _aac |||||||||
200 1 _aСрпске краљице и царице
_fДеjан Николић
205 _a2. изд.
210 _aДеспотовац
_cНар. библ. "Ресавска шк."
_d2002
215 _a294 с., [8] л. цв. портр.
_cил., портр.
_d24
320 _aБиблиогр.: с. 289-292
541 0 _aСербские королевы и царицы
_zrus
606 1 _aКоролевы
_yСербия
_92458479
_3RU\NLR\AUTH\661461084
686 4 _aТ3(4Ю4С)0-8
700 1 _aНиколић
_bД.
_f1965-
_gДеjан
_4070
801 0 _aRU
_bNLR
_c20061116
_gPSBO
942 _cBOOK
980 _aNB